Anatomía de una civilización : aproximaciones interdisciplinarias a la cultura Maya /
Saved in:
| Other Authors: | |
|---|---|
| Format: | Book |
| Language: | Spanish |
| Published: |
Madrid :
Sociedad Española de Estudios Mayas,
[1998]
|
| Series: | Publicaciones de la S.E.E.M. ;
no. 4. |
| Subjects: | |
| Tags: |
Add Tag
No Tags, Be the first to tag this record!
|
| LEADER | 01196nam a2200349 a 4500 | ||
|---|---|---|---|
| 001 | 007784667-2 | ||
| 005 | 20050319115734.0 | ||
| 008 | 980618s1998 sp abe b 000 0 spa | ||
| 010 | |a 98161974 | ||
| 020 | |a 849235450X | ||
| 035 | 0 | |a ocm40396561 |z ocm38603316 | |
| 035 | 0 | |a ocm38603316 | |
| 035 | 0 | |a ocm40396561 | |
| 040 | |a DLC |c DLC |d PL# |d I5B |d NYP |d DPN | ||
| 041 | 0 | |a spaeng | |
| 043 | |a n-mx--- |a nc----- | ||
| 050 | 0 | 0 | |a F1435 |b .A623 1998X |
| 245 | 0 | 0 | |a Anatomía de una civilización : |b aproximaciones interdisciplinarias a la cultura Maya / |c editores, Andrés Ciudad Ruíz ... [et al.]. |
| 260 | |a Madrid : |b Sociedad Española de Estudios Mayas, |c [1998] | ||
| 300 | |a 389 p. : |b ill., maps, plans ; |c 23 cm. | ||
| 490 | 1 | |a Publicaciones de la S.E.E.M. ; |v núm. 4 | |
| 504 | |a Includes bibliographical references. | ||
| 546 | |a Papers in Spanish or English. | ||
| 650 | 0 | |a Mayas |x Antiquities. | |
| 650 | 0 | |a Mayas |x Politics and government. | |
| 650 | 0 | |a Inscriptions, Mayan. | |
| 651 | 0 | |a Mexico |x Antiquities. | |
| 651 | 0 | |a Central America |x Antiquities. | |
| 700 | 1 | |a Ciudad Ruíz, Andrés. | |
| 830 | 0 | |a Publicaciones de la S.E.E.M. ; |v no. 4. | |
| 988 | |a 20020608 | ||
| 906 | |0 DLC | ||


